| 000 | 00928cam a22003017a 4500 | ||
|---|---|---|---|
| 003 | CHAP | ||
| 005 | 20220329133935.0 | ||
| 008 | 971013s1974 r 00010 d | ||
| 010 | _a12970 | ||
| 011 | _a13942 | ||
| 035 | _a18015 | ||
| 040 | _cCHAP | ||
| 082 |
_a301 _bG65 1974 |
||
| 100 | 0 | 0 |
_aGoldthorpe, J. E. _948585 |
| 245 | 1 | 3 | _aAn introduction to sociology |
| 250 | _a2 ed. | ||
| 260 |
_aLondon : _bCambridge University, _c1974 |
||
| 300 | _a222 p. | ||
| 590 |
_aBATCH-UPD _b10 _c20130110 _lUCH01 _h0946 |
||
| 590 |
_aBATCH-UPD _b10 _c20130410 _lUCH01 _h0602 |
||
| 590 |
_aBATCH-UPD _b10 _c20130914 _lUCH01 _h2029 |
||
| 590 |
_aCONVERSION _b10 _c20130109 _lUCH01 _h1308 |
||
| 650 | 1 | 4 |
_aSociologĂa. _9108197 |
| 901 | _aBK | ||
| 942 | _cLIBRO | ||
| 949 |
_a301 G65 1974 _bBC _cLIBRO _d33724000285896 _eLIBRO _h55932 _i18015 _si _t405.00 |
||
| 949 |
_a301 G65 1974 _bBC _cLIBRO _d33724000285904 _eLIBRO _fc.2 _h55933 _i18015 _si _t405.00 |
||
| 999 |
_c12970 _d12970 |
||